| 000 | 00669nam a2200193 4500 | ||
|---|---|---|---|
| 005 | 20251006115956.0 | ||
| 020 |
_a8175343419 _cTZS 13,015. 80 |
||
| 040 |
_aMCCL _beng. _eAACR 2nd rev. ed. |
||
| 082 | _a340.092 CAM | ||
| 100 | _aCampbell, Iain | ||
| 245 |
_aWhat every good lawyer should know _c/ Iain Campbell |
||
| 260 |
_aNew Delhi : _bUniversial Law Pub. Co., _cc2004. |
||
| 300 |
_av, 128 p. : _c23 cm. |
||
| 505 | _aStart off with the right attitude and get yourself and your office ready for action! What else needs looking at? An in-depth look at billing | ||
| 650 | _aLaw offices | ||
| 650 | _aLawyers | ||
| 650 | _aLawyers--Discipline | ||
| 942 | _cBK | ||
| 999 |
_c12058 _d12058 |
||